| 000 | 00480nam a22001817a 4500 | ||
|---|---|---|---|
| 003 | CEME | ||
| 005 | 20210628203151.0 | ||
| 008 | 210223b xxu||||| |||| 00| 0 eng d | ||
| 020 | _a1-85753-163-9 | ||
| 040 | _c. | ||
| 082 | _a623-BRA MAR | ||
| 100 |
_aMarchington, James _963733 |
||
| 245 | _aHandguns and sub machine guns, semi automatic pistols and revolvers | ||
| 260 |
_aUK _bBRASSEY'S _c1997 |
||
| 300 | _a126P | ||
| 650 |
_aPISTOLS,REVOLVERS _963734 |
||
| 942 |
_cBK _2ddc |
||
| 999 |
_c572462 _d572462 |
||